| 000 | 00525nam a2200157 a 4500 | ||
|---|---|---|---|
| 020 | _a0028224388 (teacher's wraparound ed.) | ||
| 020 | _a0028224337 (student ed.) | ||
| 040 | _cDLC | ||
| 082 | 0 | 0 | _a973 GLE 1999 A099 Or. |
| 100 | 1 | _aRitchie, Donald A., | |
| 245 | 1 | 0 |
_aAmerican history : _bthe modern era since 1865 / |
| 250 | _aTeacher's wraparound ed., multimedia ed. | ||
| 260 |
_aNew York : _bGlencoe/McGraw-Hill, _cc1999. |
||
| 300 |
_a87, xxviii-xxxviii, 918 p. : _bill. (some col.), col. maps ; _c30 cm. |
||
| 942 | _cEK | ||
| 999 |
_c11793 _d11793 |
||